Statistiken für Alle Stationen der RB 25 (Köln)

Klicken Sie hier um das Quiz zu spielen!

Allgemein

  • Dieses Quiz wurde 19 mal gespielt
  • Das Durchschnittsergebnis liegt bei 9 aus 20

Antwortstatistiken

Antwort% Korrekt
Köln Hbf
94%
Köln Messe/Deutz
94%
Köln Hansaring
72%
Gummersbach
67%
Köln Frankfurter Straße
56%
Köln Trimbornstraße
56%
Meinerzhagen
50%
Rösrath
50%
Lüdenscheid
44%
Marienheide
44%
Overath
44%
Engelskirchen
28%
Kierspe
28%
Dieringhausen
22%
Halver-Oberbrügge
22%
Lüdenscheid Brügge
22%
Hoffnungsthal
17%
Rösrath-Stümpen
17%
Ründeroth
17%
Lohmar-Honrath
11%

Verteilung der Resultate

Perzentil nach korrekt beantworteten Fragen

Anzahl Personen mit jedem Resultat

Ihre Resultats-Entwicklung

Sie haben dieses Quiz noch nicht gespielt